000 01643cam a22004454i 4500
003 PE-LiUPU
005 20250731173138.0
008 150623s r 000 0 d
020 _a0825426154
035 _a(Sirsi) i9780825426155
040 _aPE-LiUPU
_bspa
_cPE-LiUPU
_erda
049 _aPRUA
082 0 4 _a225.307 7
_bC23
_221
245 0 0 _aCounterfeit or genuine? Mark 16? John 8? /
_cDavid Otis Fuller, ed.
264 1 _aGrand Rapids, Michigan :
_bGrand Rapids International Publications,
_c1975.
300 _a217 páginas ;
_c20 centímetros
336 _atext
_2rdacontent
337 _aunmediated
_2rdamedia
338 _avolume
_2rdacarrier
505 0 _aIntroduction. The magnificent burgon. The last twelve verses of the gospel. Pericope de adultera. The last twelve verses of the gospel of mark. The preservation of the scriptures.
526 _aSEG42
526 _aSEG41
526 _aSEG40
526 _aSEG39
526 _aP94
526 _aP87
526 _aP86
526 _aP85
526 _aP77
526 _aP76
526 _aP35
630 _aBiblia.
_pN.T.
_pMarcos
_xCrítica, interpretación, etc.
700 1 _aOtis Fuller, David,
_eed.
942 _2ddc
_cBOOK
949 _a225.307 7 C23
_wDEWEY
_c1
_i52363
_lCCODEBUL1
_mBUL
_p4.00
_r0
_sY
_tBOOK
_u2015-6-24
_xTEOLOGIA
_PP35
_0COMPRA
_o.STAFF. Colección General
994 _aC0
_bPEPRU
596 _a1
999 _a225.307 7 C23
_wDEWEY
_c34187
_i52363
_f2021-11-9
_g5
_lCCODEBUL1
_mBUL
_p4.00
_r0
_sY
_tBOOK
_u2015-6-24
_xTEOLOGIA
_PP35
_0COMPRA
_o.STAFF. Colección General
_d34187
980 _81
_gALBERTO SANCHEZ Responsable de Automatización